000 01307nas a2200253 454500
001 340
005 20260407193503.0
008 260407s2006####ag###########|||spa#d
003 AR-UNSa-BCEJYS
040 _aAR-UNSa-BCEJYS
_bspa
_cAR-UNSa-BCEJYS
080 _a658
_xAdministración de empresas. Organización comercial
245 1 0 _aHarvard Business Review
022 _a0717-9952
264 1 _aChile :
_bImpact Media Comercial
_c2006
310 _aMensual A partir de set. 2011 la Biblioteca recibe los títulos de la revista en idioma inglés
505 _aEs una revista de investigación enfocada en los profesionales de las empresas, en todos los niveles, siendo respetada por los altos ejecutivos, los académicos y los consultores. Ha sido la residencia editorial frecuente para conocidos eruditos y pensadores de dirección, pudiendo encontrar entre otros a Clayton M Christensen, Peter f Drucker, Michael E Porter, Rosabeth Moss Kanter, Gary Hamel, C.K. Prahalad, Robert S Kaplan, y otros.
942 _cSER
590 _aniveau_biblio:s niveau_hierar:1
100 1 _aZisis, Ricardo
650 _aEMPRESAS
650 _aADMINISTRACION DE EMPRESAS
650 _aLiderazgo
856 4 1 _uhttps://biblioeco.unsa.edu.ar/pmb/images/revistas/Horvard Business Review.jpg
_yImagen de portada
_qimage/jpeg
999 _c8363
_d8363